Skylander Villains who became Senseis - Statistics

General Stats
  • This quiz has been taken 45 times
  • The average score is 10 of 11
Answer Stats
Hint Answer % Correct
Earth Golden Queen
100%
Life Chompy Mage
97%
Tech Dr. Krankcase
97%
Magic Pain-Yatta
97%
Dark Hood Sickle
94%
Kaos Kaos
94%
Undead Wolfgang
94%
Light Blaster-Tron
91%
Water (used to be earth) Grave Clobber
91%
Air Bad Juju
84%
Fire Tae Kwon Crow
81%
No matching quizzes found
Score Distribution
Percent of People with Each Score
Percentile by Number Answered
Your Score History
You have not taken this quiz